000 00798nam a2200217Ii 4500
003 JO-AjNU
008 230605s9999||||xx |||||||||||||| ||und||
017 _a2006/6/1446
040 _aJO-AjNU
_bara
_erda
_cJO-AjNU
041 _aara
050 1 4 _aPJ75050.5.U93.S55 2006
100 3 _aتحقيق شهاب، اسامة يوسف,
_eauthor
_912022
245 0 0 _aالعلامة روكس بن زائد العزيزي وجهودة في توثيق اعلام الأدب والفكر(1903م-2004م)
250 _aط1
264 3 1 _aعمان: دار رواد للنشر والتوزيع، 2006
300 _a492ص
336 _atext
_btxt
_2rdacontent
337 _aunmediated
_bn
_2rdamedia
338 _avolume
_bnc
_2rdacarrier
650 4 _aالأدباء العرب-التراجم-الأردن
_912023
999 _aA2626
_c6194
_d6194